[Event "Monarque blanc"]
[Site "Gatineau CAN"]
[Date "2007.02.27"]
[Round "7"]
[White "Libersan, Mattieu"]
[Black "Charette, Jean Sebastien"]
[Result "1-0"]
[WhiteElo "1936"]
[BlackElo "1387"]
[PlyCount "53"]
[GameId "2160767910726934"]
[EventDate "2007.01.16"]
[EventType "swiss"]
[EventRounds "7"]
[EventCountry "CAN"]
[SourceTitle "EXT 2022"]
[Source "ChessBase"]
[SourceDate "2021.10.06"]
[SourceVersion "1"]
[SourceVersionDate "2021.10.06"]
[SourceQuality "1"]

1. e4 e6 2. d4 d5 3. Nc3 b6 4. e5 c5 5. Nf3 Bb7 6. Bb5+ Bc6 7. O-O Be7 8. Bf4 a6 9. Be2 cxd4 10. Nxd4 Bg5 11. Qd2 Bxf4 12. Qxf4 Ne7 13. Rad1 O-O 14. Bd3 Bb7 15. Nce2 Nd7 16. Qg3 Nc5 17. f4 Nxd3 18. cxd3 Qd7 19. f5 Kh8 20. f6 Ng6 21. fxg7+ Kxg7 22. Nf4 Rh8 23. Nh5+ Kf8 24. Rf6 Ke7 25. Qg5 Ke8 26. Ng7+ Ke7 27. Rxg6+ 1-0

[Event "Monarque blanc"]
[Site "Gatineau CAN"]
[Date "2007.02.27"]
[Round "7"]
[White "Scantland, Patrick"]
[Black "Arsenault, Michel"]
[Result "0-1"]
[WhiteElo "1730"]
[BlackElo "2053"]
[PlyCount "68"]
[GameId "2160767910726936"]
[EventDate "2007.01.16"]
[EventType "swiss"]
[EventRounds "7"]
[EventCountry "CAN"]
[SourceTitle "EXT 2022"]
[Source "ChessBase"]
[SourceDate "2021.10.06"]
[SourceVersion "1"]
[SourceVersionDate "2021.10.06"]
[SourceQuality "1"]

1. c4 Nf6 2. d4 e6 3. Nf3 b6 4. Nc3 Bb7 5. Bg5 h6 6. Bh4 g5 7. Bg3 Nh5 8. e4 d6 9. d5 Bg7 10. Be2 Nxg3 11. hxg3 O-O 12. Nd4 Qf6 13. Ndb5 Na6 14. Rc1 Rfd8 15. O-O c6 16. Na3 Rac8 17. dxe6 fxe6 18. Nc2 d5 19. Qe1 d4 20. Nd5 cxd5 21. exd5 exd5 22. cxd5 Nc5 23. b4 Re8 24. bxc5 d3 25. Ne3 dxe2 26. Qxe2 Bxd5 27. Qa6 Ba8 28. Qxa7 b5 29. Qa5 Qc6 30. Qa3 Bd4 31. Qb3+ Kh8 32. Qd5 Qxd5 33. Nxd5 Bxd5 34. Rfd1 Bxc5 0-1

[Event "Monarque blanc"]
[Site "Gatineau CAN"]
[Date "2007.02.27"]
[Round "7"]
[White "Villeneuve, Luc"]
[Black "Carriere, Stephen"]
[Result "1-0"]
[WhiteElo "1571"]
[BlackElo "1283"]
[PlyCount "31"]
[GameId "2160767910726939"]
[EventDate "2007.01.16"]
[EventType "swiss"]
[EventRounds "7"]
[EventCountry "CAN"]
[SourceTitle "EXT 2022"]
[Source "ChessBase"]
[SourceDate "2021.10.06"]
[SourceVersion "1"]
[SourceVersionDate "2021.10.06"]
[SourceQuality "1"]

1. Nf3 d5 2. c4 d4 3. b4 e6 4. Bb2 c5 5. a3 Qb6 6. b5 a6 7. e3 dxe3 8. dxe3 f6 9. Nh4 Bd6 10. Qh5+ Kf8 11. Ng6+ hxg6 12. Qxh8 Bd7 13. Bd3 Kf7 14. Bxg6+ Kxg6 15. Qxg8 axb5 16. O-O 1-0

[Event "Monarque blanc"]
[Site "Gatineau CAN"]
[Date "2007.02.28"]
[Round "7"]
[White "Lacourse, Guy"]
[Black "Pilon, Robert"]
[Result "1/2-1/2"]
[WhiteElo "1632"]
[BlackElo "1554"]
[PlyCount "101"]
[GameId "2160767910726940"]
[EventDate "2007.01.16"]
[EventType "swiss"]
[EventRounds "7"]
[EventCountry "CAN"]
[SourceTitle "EXT 2022"]
[Source "ChessBase"]
[SourceDate "2021.10.06"]
[SourceVersion "1"]
[SourceVersionDate "2021.10.06"]
[SourceQuality "1"]

1. c4 Nf6 2. Nf3 d6 3. h3 e5 4. d3 Be7 5. g3 b6 6. Bg2 Bb7 7. O-O O-O 8. Nc3 Na6 9. a3 Nc5 10. b4 Ne6 11. e3 c5 12. Rb1 Rb8 13. e4 h6 14. Be3 Nh7 15. g4 Bg5 16. Nxg5 Nhxg5 17. Ne2 Bc6 18. b5 Bd7 19. Kh2 Nd4 20. Ng3 Qc8 21. f4 exf4 22. Bxf4 Qc7 23. Nf5 Bxf5 24. exf5 Rfe8 25. Rf2 Re7 26. Qd2 Rbe8 27. Rbf1 Re2 28. Qd1 R8e7 29. Kh1 f6 30. h4 Nf7 31. Bd5 Kf8 32. Rxe2 Nxe2 33. Qd2 Nd4 34. Be4 Ne5 35. g5 hxg5 36. hxg5 Ke8 37. g6 Kd7 38. Qd1 Qc8 39. Kg2 a6 40. a4 a5 41. Rh1 Kc7 42. Rh7 Nxf5 43. Qh5 Nd4 44. Rh8 Qg4+ 45. Qxg4 Nxg4 46. Ra8 Ne5 47. Ra7+ Kd8 48. Ra8+ Kc7 49. Ra7+ Kd8 50. Ra8+ Kc7 51. Ra7+ 1/2-1/2

[Event "Montcalm 1 2007-08"]
[Site "Quebec CAN"]
[Date "2007.09.06"]
[Round "1"]
[White "Audet-Bouchard, Nicolas"]
[Black "Cournoyer, Dominic"]
[Result "0-1"]
[WhiteElo "2150"]
[BlackElo "1791"]
[PlyCount "90"]
[GameId "2160767910579340"]
[EventDate "2007.09.06"]
[EventType "swiss"]
[EventRounds "5"]
[EventCountry "CAN"]
[SourceTitle "EXT 2022"]
[Source "ChessBase"]
[SourceDate "2021.10.06"]
[SourceVersion "1"]
[SourceVersionDate "2021.10.06"]
[SourceQuality "1"]

1. c4 d5 2. cxd5 Nf6 3. Nc3 Nxd5 4. g3 g6 5. Bg2 c6 6. Nf3 Bg7 7. O-O O-O 8. e4 Nxc3 9. bxc3 e5 10. Ba3 Re8 11. Qc2 Nd7 12. Rad1 Nb6 13. d4 exd4 14. cxd4 Be6 15. Rfe1 Rc8 16. Bc5 Nd7 17. Bd6 Qa5 18. Rb1 b5 19. a3 Nb6 20. Ne5 Nc4 21. Nxc4 Bxc4 22. e5 Bf8 23. Bxf8 Rxf8 24. h4 Qxa3 25. Qd2 Rfd8 26. Ra1 Qe7 27. h5 Bd5 28. Bh3 Rc7 29. hxg6 fxg6 30. e6 Qf6 31. f4 Re7 32. Re5 Bc4 33. Qe3 Rd6 34. Re1 b4 35. g4 Rdxe6 36. g5 Rxe5 37. dxe5 Qf7 38. e6 Qg7 39. Qc5 Qc3 40. Re3 Qc1+ 41. Kh2 Qd2+ 42. Kg3 Bd5 43. Bg4 Qg2+ 44. Kh4 Qf2+ 45. Rg3 Qxc5 0-1

[Event "Montcalm 1 2007-08"]
[Site "Quebec CAN"]
[Date "2007.09.06"]
[Round "1"]
[White "Bender, Karl"]
[Black "Bonneau, Daniel"]
[Result "0-1"]
[WhiteElo "1547"]
[BlackElo "2007"]
[PlyCount "54"]
[GameId "2160767910579341"]
[EventDate "2007.09.06"]
[EventType "swiss"]
[EventRounds "5"]
[EventCountry "CAN"]
[SourceTitle "EXT 2022"]
[Source "ChessBase"]
[SourceDate "2021.10.06"]
[SourceVersion "1"]
[SourceVersionDate "2021.10.06"]
[SourceQuality "1"]

1. d4 Nf6 2. Nf3 g6 3. b3 Bg7 4. Bb2 O-O 5. Nbd2 d5 6. e3 b6 7. Bd3 Bb7 8. c4 Nbd7 9. cxd5 Nxd5 10. Rc1 c5 11. Nc4 b5 12. Ncd2 a6 13. Ba1 cxd4 14. Bxd4 e5 15. Ba1 Qb6 16. O-O Nxe3 17. fxe3 Qxe3+ 18. Rf2 Qxd3 19. Rc7 Qd5 20. Re2 Rac8 21. Rxb7 Qxb7 22. Ne4 Rc6 23. Rd2 Nc5 24. Nd6 Rxd6 25. Rxd6 Ne4 26. Qd5 Nxd6 27. Qxd6 Qe4 0-1

[Event "Montcalm 1 2007-08"]
[Site "Quebec CAN"]
[Date "2007.09.06"]
[Round "1"]
[White "Espanol Echevarria, Emmanuel"]
[Black "Dumont, Eric"]
[Result "0-1"]
[WhiteElo "2044"]
[BlackElo "1576"]
[PlyCount "50"]
[GameId "2160767910579342"]
[EventDate "2007.09.06"]
[EventType "swiss"]
[EventRounds "5"]
[EventCountry "CAN"]
[SourceTitle "EXT 2022"]
[Source "ChessBase"]
[SourceDate "2021.10.06"]
[SourceVersion "1"]
[SourceVersionDate "2021.10.06"]
[SourceQuality "1"]

1. Nf3 g6 2. c4 Bg7 3. Nc3 Nf6 4. g3 d6 5. Bg2 Nc6 6. O-O O-O 7. d3 e5 8. Rb1 Nh5 9. b4 f5 10. Ng5 Nd4 11. Bd5+ Kh8 12. Nf7+ Rxf7 13. Bxf7 c6 14. e3 Ne6 15. Bxe6 Bxe6 16. Ne2 f4 17. exf4 Bh3 18. Re1 Qf6 19. Bb2 Rf8 20. Qd2 Qf5 21. Qe3 Nf6 22. f3 Bh6 23. d4 exf4 24. Nxf4 Bxf4 25. Qxf4 Qc2 0-1

[Event "Montcalm 1 2007-08"]
[Site "Quebec CAN"]
[Date "2007.09.06"]
[Round "1"]
[White "Lapierre, Gaetan"]
[Black "Caire, Francois"]
[Result "0-1"]
[WhiteElo "1864"]
[BlackElo "2222"]
[PlyCount "86"]
[GameId "2160767910579344"]
[EventDate "2007.09.06"]
[EventType "swiss"]
[EventRounds "5"]
[EventCountry "CAN"]
[SourceTitle "EXT 2022"]
[Source "ChessBase"]
[SourceDate "2021.10.06"]
[SourceVersion "1"]
[SourceVersionDate "2021.10.06"]
[SourceQuality "1"]

1. e4 e5 2. Nf3 Nc6 3. Bb5 a6 4. Bxc6 dxc6 5. d4 exd4 6. Qxd4 Qxd4 7. Nxd4 Bd7 8. Nc3 O-O-O 9. Be3 Nf6 10. f3 Bd6 11. O-O-O Rhe8 12. Nde2 c5 13. Bg5 Be7 14. Ng3 h6 15. Bf4 Be6 16. Rxd8+ Rxd8 17. a3 b5 18. Rd1 Rxd1+ 19. Nxd1 Kd7 20. Ne3 c4 21. Nef5 Bf8 22. Nd4 c3 23. Nxe6 cxb2+ 24. Kxb2 fxe6 25. Be5 Ne8 26. Nf1 Nd6 27. Ne3 g6 28. Bxd6 Kxd6 29. f4 c5 30. e5+ Kc6 31. c4 Be7 32. g4 Bd8 33. Kb3 Bc7 34. h4 g5 35. hxg5 hxg5 36. f5 exf5 37. gxf5 Bxe5 38. Ng4 Bd4 39. a4 bxc4+ 40. Kxc4 Kd6 41. Kd3 Kd5 42. f6 c4+ 43. Kc2 Ke6 0-1

[Event "Montcalm 1 2007-08"]
[Site "Quebec CAN"]
[Date "2007.09.06"]
[Round "1"]
[White "Moisan, Francois"]
[Black "Plante, Rejean"]
[Result "1/2-1/2"]
[WhiteElo "1790"]
[BlackElo "2056"]
[PlyCount "121"]
[GameId "2160767910579345"]
[EventDate "2007.09.06"]
[EventType "swiss"]
[EventRounds "5"]
[EventCountry "CAN"]
[SourceTitle "EXT 2022"]
[Source "ChessBase"]
[SourceDate "2021.10.06"]
[SourceVersion "1"]
[SourceVersionDate "2021.10.06"]
[SourceQuality "1"]

1. e4 c5 2. Nf3 e6 3. d4 cxd4 4. Nxd4 a6 5. Be2 Nf6 6. Nc3 Qc7 7. O-O Nc6 8. Nxc6 bxc6 9. f4 d5 10. e5 Bc5+ 11. Kh1 Nd7 12. Bd3 Be7 13. Na4 g6 14. c4 O-O 15. Qc2 Qa7 16. Bd2 Rb8 17. Rac1 a5 18. a3 Rd8 19. Qc3 Ra8 20. Rf3 d4 21. Qc2 c5 22. Kg1 Nf8 23. g4 Bd7 24. f5 Bc6 25. Rh3 exf5 26. gxf5 Rdb8 27. Be4 Qb7 28. Bd5 Bxd5 29. cxd5 Qxd5 30. f6 Bd8 31. Qxc5 Rb5 32. Qxd5 Rxd5 33. Rc5 Rxc5 34. Nxc5 Bc7 35. Nd3 Nd7 36. Bf4 Bb6 37. Kf2 Rc8 38. Kf3 Nf8 39. Ke4 h5 40. Rg3 Ne6 41. b4 Rc3 42. bxa5 Bxa5 43. a4 h4 44. Rg4 Ra3 45. Rxh4 Rxa4 46. Rg4 Kf8 47. h4 Ke8 48. h5 gxh5 49. Rg8+ Kd7 50. Rh8 Bc3 51. Rxh5 Ra2 52. Rh7 Nd8 53. Nc5+ Kc6 54. e6 fxe6 55. f7 Nxf7 56. Rxf7 Kxc5 57. Re7 Re2+ 58. Kf3 Re1 59. Kf2 e5 60. Rxe5+ Rxe5 61. Bxe5 1/2-1/2

[Event "Montcalm 1 2007-08"]
[Site "Quebec CAN"]
[Date "2007.09.13"]
[Round "2"]
[White "Bonneau, Daniel"]
[Black "Caron, Sebastien"]
[Result "0-1"]
[WhiteElo "2007"]
[BlackElo "1918"]
[PlyCount "80"]
[GameId "2160767910579346"]
[EventDate "2007.09.06"]
[EventType "swiss"]
[EventRounds "5"]
[EventCountry "CAN"]
[SourceTitle "EXT 2022"]
[Source "ChessBase"]
[SourceDate "2021.10.06"]
[SourceVersion "1"]
[SourceVersionDate "2021.10.06"]
[SourceQuality "1"]

1. d4 Nf6 2. Nf3 b6 3. c4 Bb7 4. Nc3 d6 5. Qc2 Nbd7 6. e4 e5 7. d5 g6 8. Be2 Bg7 9. O-O O-O 10. Ne1 Ne8 11. Be3 f5 12. f3 f4 13. Bf2 Qe7 14. Nd3 Bc8 15. b4 g5 16. c5 Ndf6 17. a4 g4 18. a5 gxf3 19. Bxf3 bxc5 20. bxc5 Ng4 21. Bxg4 Bxg4 22. Rfb1 Nf6 23. Rb7 Rfb8 24. Rab1 Rxb7 25. Rxb7 Bc8 26. cxd6 Qxd6 27. Rb4 Ba6 28. Nc5 Ng4 29. Nb5 Bxb5 30. Rxb5 Nxf2 31. Kxf2 Qh6 32. Rb3 Qh4+ 33. Kf1 f3 34. gxf3 Bh6 35. Qf2 Qf6 36. Qg3+ Kh8 37. Nd3 Bg7 38. Rc3 Qa6 39. Ke2 Qxa5 40. Rc2 Re8 0-1

[Event "Montcalm 1 2007-08"]
[Site "Quebec CAN"]
[Date "2007.09.13"]
[Round "2"]
[White "Caire, Francois"]
[Black "Myre, Eric"]
[Result "1/2-1/2"]
[WhiteElo "2222"]
[BlackElo "1922"]
[PlyCount "115"]
[GameId "2160767910579347"]
[EventDate "2007.09.06"]
[EventType "swiss"]
[EventRounds "5"]
[EventCountry "CAN"]
[SourceTitle "EXT 2022"]
[Source "ChessBase"]
[SourceDate "2021.10.06"]
[SourceVersion "1"]
[SourceVersionDate "2021.10.06"]
[SourceQuality "1"]

1. d4 d5 2. Nf3 Nf6 3. c4 dxc4 4. e3 e6 5. Bxc4 Be7 6. O-O c5 7. Qe2 a6 8. dxc5 Bxc5 9. e4 b5 10. Bd3 Bb7 11. Bxb5+ Nc6 12. Ba4 O-O 13. Nc3 Nd4 14. Nxd4 Bxd4 15. Bc2 Qc7 16. Bd2 Qc6 17. Rfe1 Rfd8 18. Rab1 Qc5 19. Be3 Bxe3 20. Qxe3 Qxe3 21. Rxe3 Rd2 22. Bd1 Rad8 23. f3 Kf8 24. Re2 R8d4 25. Kf2 Nd7 26. Ke1 Rxe2+ 27. Bxe2 Nc5 28. Rd1 e5 29. Rxd4 exd4 30. Nd1 a5 31. Kd2 Ke7 32. Nf2 Kd6 33. Bc4 f6 34. b3 g5 35. Ng4 Ke7 36. a3 h5 37. Nh6 Kd6 38. Nf5+ Ke5 39. Ng3 h4 40. Ne2 g4 41. b4 axb4 42. axb4 Na6 43. Bxa6 Bxa6 44. fxg4 Kxe4 45. h3 Bb5 46. Ng1 Bf1 47. Nf3 Bxg2 48. Nxh4 Bxh3 49. b5 Bxg4 50. b6 Bc8 51. Ng2 f5 52. Ne1 f4 53. Nd3 f3 54. b7 Bxb7 55. Nc5+ Kf4 56. Nxb7 d3 57. Kxd3 Kg3 58. Nc5 1/2-1/2

[Event "Montcalm 1 2007-08"]
[Site "Quebec CAN"]
[Date "2007.09.13"]
[Round "2"]
[White "Cournoyer, Dominic"]
[Black "Lessard, Claude"]
[Result "1-0"]
[WhiteElo "1793"]
[BlackElo "1983"]
[PlyCount "81"]
[GameId "2160767910579348"]
[EventDate "2007.09.06"]
[EventType "swiss"]
[EventRounds "5"]
[EventCountry "CAN"]
[SourceTitle "EXT 2022"]
[Source "ChessBase"]
[SourceDate "2021.10.06"]
[SourceVersion "1"]
[SourceVersionDate "2021.10.06"]
[SourceQuality "1"]

1. c4 e6 2. Nf3 b6 3. g3 Bb7 4. Bg2 g6 5. Nc3 Nf6 6. O-O Bg7 7. Rb1 O-O 8. b3 d6 9. Bb2 Nbd7 10. d3 e5 11. b4 Qe7 12. a3 Rfe8 13. Nb5 Nf8 14. Qb3 Ne6 15. Nc3 Nd4 16. Nxd4 Bxg2 17. Nf5 gxf5 18. Kxg2 f4 19. e3 Qd7 20. b5 Qf5 21. exf4 exf4 22. Qd1 fxg3 23. fxg3 Qg6 24. Qf3 Ng4 25. Nd5 Bxb2 26. Rxb2 Kf8 27. d4 Rac8 28. h3 Nh6 29. Rbf2 Qe4 30. Nf6 Qxf3+ 31. Rxf3 Re2+ 32. Kg1 Kg7 33. Nh5+ Kf8 34. Rf6 c6 35. Rxh6 cxb5 36. Rxh7 Rc7 37. cxb5 Kg8 38. Nf6+ Kf8 39. Rh8+ Kg7 40. Rg8+ Kh6 41. g4 1-0

[Event "Montcalm 1 2007-08"]
[Site "Quebec CAN"]
[Date "2007.09.13"]
[Round "2"]
[White "Plante, Rejean"]
[Black "Dube, Dominic"]
[Result "1/2-1/2"]
[WhiteElo "2056"]
[BlackElo "1560"]
[PlyCount "81"]
[GameId "2160767910579349"]
[EventDate "2007.09.06"]
[EventType "swiss"]
[EventRounds "5"]
[EventCountry "CAN"]
[SourceTitle "EXT 2022"]
[Source "ChessBase"]
[SourceDate "2021.10.06"]
[SourceVersion "1"]
[SourceVersionDate "2021.10.06"]
[SourceQuality "1"]

1. d4 c6 2. e4 d5 3. e5 Bf5 4. Nf3 e6 5. Be2 Nd7 6. Nbd2 c5 7. c3 Qb6 8. Nf1 Ne7 9. Ng3 Bg6 10. O-O Nc6 11. a3 Be7 12. b4 cxd4 13. cxd4 O-O 14. Be3 Rac8 15. h4 f6 16. h5 Bf7 17. Rc1 fxe5 18. dxe5 Qd8 19. Bd4 Nxd4 20. Qxd4 Qb6 21. Qxb6 Nxb6 22. Nd4 Rxc1 23. Rxc1 Rc8 24. Rxc8+ Nxc8 25. Bg4 Kf8 26. Nxe6+ Bxe6 27. Bxe6 Nb6 28. f4 Nc4 29. Nf5 Nxa3 30. Nxe7 Kxe7 31. Bxd5 Nc2 32. Bxb7 Nxb4 33. Bf3 a5 34. Bd1 Nd3 35. g3 Nc5 36. Bc2 h6 37. Kf2 a4 38. Ke2 a3 39. Bb1 Ne4 40. Kd3 Nxg3 41. Ba2 1/2-1/2

[Event "Montcalm 1 2007-08"]
[Site "Quebec CAN"]
[Date "2007.09.13"]
[Round "2"]
[White "Sauve, Richard"]
[Black "Dumont, Eric"]
[Result "1-0"]
[WhiteElo "1983"]
[BlackElo "1576"]
[PlyCount "41"]
[GameId "2160767910579350"]
[EventDate "2007.09.06"]
[EventType "swiss"]
[EventRounds "5"]
[EventCountry "CAN"]
[SourceTitle "EXT 2022"]
[Source "ChessBase"]
[SourceDate "2021.10.06"]
[SourceVersion "1"]
[SourceVersionDate "2021.10.06"]
[SourceQuality "1"]

1. d4 d5 2. c4 c6 3. e3 Nf6 4. Nc3 g6 5. Nf3 Bg7 6. Bd3 Nbd7 7. O-O O-O 8. Bd2 Re8 9. cxd5 Nxd5 10. Nxd5 cxd5 11. Qb3 e6 12. Rac1 a6 13. Rc2 b5 14. Rfc1 Bb7 15. a4 e5 16. axb5 e4 17. bxa6 Bxa6 18. Bxa6 Nf6 19. Ne5 Rxa6 20. Qb7 Rxe5 21. dxe5 1-0

[Event "Montcalm 1 2007-08"]
[Site "Quebec CAN"]
[Date "2007.09.20"]
[Round "3"]
[White "Beauchemin, Pierre"]
[Black "Chiffot, Nicolas"]
[Result "0-1"]
[WhiteElo "1679"]
[BlackElo "1888"]
[PlyCount "38"]
[GameId "2160767910579351"]
[EventDate "2007.09.06"]
[EventType "swiss"]
[EventRounds "5"]
[EventCountry "CAN"]
[SourceTitle "EXT 2022"]
[Source "ChessBase"]
[SourceDate "2021.10.06"]
[SourceVersion "1"]
[SourceVersionDate "2021.10.06"]
[SourceQuality "1"]

1. e4 e6 2. d4 d5 3. Nc3 dxe4 4. Nxe4 Nd7 5. Nf3 Ngf6 6. Neg5 h6 7. Nh3 Bd6 8. Nf4 O-O 9. Bc4 Nb6 10. Bb3 c5 11. dxc5 Bxc5 12. Nd3 Bd6 13. O-O Qc7 14. h3 Bd7 15. Bd2 Bc6 16. Bc3 Nbd7 17. Bb4 Bxb4 18. Nxb4 Bxf3 19. Qxf3 a5 0-1

[Event "Montcalm 1 2007-08"]
[Site "Quebec CAN"]
[Date "2007.09.20"]
[Round "3"]
[White "Caire, Francois"]
[Black "Cournoyer, Dominic"]
[Result "1-0"]
[WhiteElo "2222"]
[BlackElo "1793"]
[PlyCount "57"]
[GameId "2160767910579352"]
[EventDate "2007.09.06"]
[EventType "swiss"]
[EventRounds "5"]
[EventCountry "CAN"]
[SourceTitle "EXT 2022"]
[Source "ChessBase"]
[SourceDate "2021.10.06"]
[SourceVersion "1"]
[SourceVersionDate "2021.10.06"]
[SourceQuality "1"]

1. c4 e5 2. Nc3 f5 3. d4 e4 4. Nh3 Nf6 5. g3 Be7 6. Bg2 O-O 7. O-O Nc6 8. f3 exf3 9. exf3 d6 10. b3 Bd7 11. Bb2 Be8 12. Ng5 Bf7 13. d5 Ne5 14. Re1 Nfd7 15. Ne6 Bxe6 16. dxe6 Nc5 17. Ba3 Na6 18. f4 Nc6 19. Nd5 Bf6 20. e7 Nxe7 21. Nxf6+ Rxf6 22. Bxb7 c6 23. Bxa8 Qb6+ 24. Kg2 Ng6 25. Qf3 Nh4+ 26. gxh4 Rg6+ 27. Kh1 Nc5 28. Bxc5 Qxc5 29. Bxc6 1-0

[Event "Montcalm 1 2007-08"]
[Site "Quebec CAN"]
[Date "2007.09.20"]
[Round "3"]
[White "Caron, Sebastien"]
[Black "Sauve, Richard"]
[Result "1-0"]
[WhiteElo "1918"]
[BlackElo "1983"]
[PlyCount "53"]
[GameId "2160767910579353"]
[EventDate "2007.09.06"]
[EventType "swiss"]
[EventRounds "5"]
[EventCountry "CAN"]
[SourceTitle "EXT 2022"]
[Source "ChessBase"]
[SourceDate "2021.10.06"]
[SourceVersion "1"]
[SourceVersionDate "2021.10.06"]
[SourceQuality "1"]

1. e4 e6 2. d4 d5 3. Nd2 c5 4. dxc5 Bxc5 5. Nb3 Bb6 6. exd5 exd5 7. Nf3 Ne7 8. Bd3 Nbc6 9. c3 O-O 10. O-O Qd6 11. Re1 h6 12. Be3 Bxe3 13. Rxe3 Bg4 14. Be2 Rad8 15. Nfd4 Bxe2 16. Qxe2 Ng6 17. Re1 Rc8 18. g3 Rfd8 19. f4 Kf8 20. Qg4 Nge7 21. Nf5 Nxf5 22. Qxf5 g6 23. Qd3 Qc7 24. Nd4 Nxd4 25. Qxd4 Kg8 26. Re7 Qc5 27. Re8+ 1-0

[Event "Montcalm 1 2007-08"]
[Site "Quebec CAN"]
[Date "2007.09.20"]
[Round "3"]
[White "Lessard, Claude"]
[Black "Bender, Karl"]
[Result "1-0"]
[WhiteElo "1983"]
[BlackElo "1547"]
[PlyCount "67"]
[GameId "2160767910579354"]
[EventDate "2007.09.06"]
[EventType "swiss"]
[EventRounds "5"]
[EventCountry "CAN"]
[SourceTitle "EXT 2022"]
[Source "ChessBase"]
[SourceDate "2021.10.06"]
[SourceVersion "1"]
[SourceVersionDate "2021.10.06"]
[SourceQuality "1"]

1. d4 d5 2. c4 c6 3. Nf3 Nf6 4. Nc3 e6 5. Qc2 Be7 6. e4 dxe4 7. Nxe4 Nbd7 8. Bd3 Bb4+ 9. Bd2 Bxd2+ 10. Qxd2 Nxe4 11. Bxe4 Nf6 12. Bc2 b6 13. O-O-O Bb7 14. d5 cxd5 15. Ba4+ Kf8 16. Kb1 Ne4 17. Qe2 Ba6 18. Rhe1 Nc5 19. Bb5 Bxb5 20. cxb5 Qf6 21. Ne5 Qf5+ 22. Ka1 Rd8 23. Nc6 Rd7 24. g4 Qf4 25. h4 g6 26. Rd4 Qc7 27. g5 Kg7 28. h5 gxh5 29. Qxh5 Rc8 30. Rh4 Rh8 31. Qh6+ Kg8 32. Ne5 Re7 33. Ng4 Ne4 34. Nf6+ 1-0

[Event "Montcalm 1 2007-08"]
[Site "Quebec CAN"]
[Date "2007.09.20"]
[Round "3"]
[White "Myre, Eric"]
[Black "Moisan, Francois"]
[Result "1-0"]
[WhiteElo "1922"]
[BlackElo "1790"]
[PlyCount "67"]
[GameId "2160767910579355"]
[EventDate "2007.09.06"]
[EventType "swiss"]
[EventRounds "5"]
[EventCountry "CAN"]
[SourceTitle "EXT 2022"]
[Source "ChessBase"]
[SourceDate "2021.10.06"]
[SourceVersion "1"]
[SourceVersionDate "2021.10.06"]
[SourceQuality "1"]

1. d4 Nf6 2. c4 g6 3. Nc3 Bg7 4. e4 d6 5. f3 O-O 6. Be3 Na6 7. Bd3 c5 8. d5 Nc7 9. Nge2 a6 10. Rb1 b5 11. b4 cxb4 12. Rxb4 a5 13. Rb1 bxc4 14. Bxc4 Ba6 15. Qd3 Nd7 16. Bxa6 Nxa6 17. O-O Nac5 18. Qd1 Ne5 19. Na4 Ncd7 20. Nd4 Rc8 21. f4 Nc4 22. Bf2 Nf6 23. Nc6 Qd7 24. Rc1 Rxc6 25. dxc6 Qxc6 26. Nb6 Nxe4 27. Rxc4 Qb7 28. Qd5 Qxd5 29. Nxd5 Nd2 30. Nxe7+ Kh8 31. Rc8 Rxc8 32. Nxc8 Nxf1 33. Kxf1 d5 34. Ke2 1-0

[Event "Montcalm 1 2007-08"]
[Site "Quebec CAN"]
[Date "2007.09.28"]
[Round "4"]
[White "Bonneau, Daniel"]
[Black "Chiffot, Nicolas"]
[Result "1-0"]
[WhiteElo "2007"]
[BlackElo "1888"]
[PlyCount "117"]
[GameId "2160767910579356"]
[EventDate "2007.09.06"]
[EventType "swiss"]
[EventRounds "5"]
[EventCountry "CAN"]
[SourceTitle "EXT 2022"]
[Source "ChessBase"]
[SourceDate "2021.10.06"]
[SourceVersion "1"]
[SourceVersionDate "2021.10.06"]
[SourceQuality "1"]

1. d4 Nf6 2. Nf3 g6 3. c4 Bg7 4. Nc3 O-O 5. e4 d6 6. Be2 e5 7. O-O c6 8. d5 cxd5 9. cxd5 Nh5 10. Be3 f5 11. exf5 Bxf5 12. Ng5 Nf4 13. Nge4 Qe7 14. Qd2 Nd7 15. Rac1 Nf6 16. f3 N6h5 17. g4 Bxe4 18. Nxe4 Nh3+ 19. Kh1 N5f4 20. Rc4 Rf7 21. Rfc1 Bf8 22. Bf1 Qh4 23. Rc7 Qd8 24. Rxf7 Kxf7 25. Bxh3 Nxh3 26. Kg2 Nf4+ 27. Bxf4 exf4 28. Qxf4+ Kg8 29. Ng5 Qe7 30. Ne6 Qf7 31. Qxf7+ Kxf7 32. Rc7+ Be7 33. Ng5+ Ke8 34. Nxh7 Kd8 35. Rc2 Kd7 36. g5 Rh8 37. Nf6+ Bxf6 38. gxf6 Rf8 39. Kg3 Rxf6 40. Kg4 Rf5 41. Rd2 Rh5 42. h4 Rf5 43. Rd4 Rh5 44. Rf4 Ke7 45. Rb4 b6 46. Re4+ Kf7 47. Rc4 Rxd5 48. Rc7+ Kf6 49. Rxa7 Rb5 50. b3 d5 51. Kf4 Rb4+ 52. Kg3 Kf5 53. Rd7 Rb5 54. Rd6 Ra5 55. a4 Ke5 56. Rxb6 d4 57. Rb5+ Rxb5 58. axb5 d3 59. Kf2 1-0

[Event "Montcalm 1 2007-08"]
[Site "Quebec CAN"]
[Date "2007.09.28"]
[Round "4"]
[White "Caron, Sebastien"]
[Black "Caire, Francois"]
[Result "0-1"]
[WhiteElo "1918"]
[BlackElo "2222"]
[PlyCount "58"]
[GameId "2160767910579357"]
[EventDate "2007.09.06"]
[EventType "swiss"]
[EventRounds "5"]
[EventCountry "CAN"]
[SourceTitle "EXT 2022"]
[Source "ChessBase"]
[SourceDate "2021.10.06"]
[SourceVersion "1"]
[SourceVersionDate "2021.10.06"]
[SourceQuality "1"]

1. e4 c5 2. Nf3 Nc6 3. d4 cxd4 4. Nxd4 Nf6 5. Nc3 e5 6. Ndb5 d6 7. Bg5 a6 8. Na3 b5 9. Nd5 Be7 10. Nxe7 Nxe7 11. Bd3 Nd7 12. c3 O-O 13. O-O Nc5 14. Be3 Bb7 15. f3 f5 16. Bxc5 dxc5 17. exf5 c4 18. Be4 Qb6+ 19. Kh1 Nxf5 20. Bxb7 Qxb7 21. Qe2 Rae8 22. Rae1 Rf6 23. Nc2 Nd6 24. Ne3 e4 25. fxe4 Rxf1+ 26. Nxf1 Nxe4 27. Kg1 Qd5 28. Ng3 Qc5+ 29. Qe3 Nxg3 0-1